000 01573cam a22003857a 4500
003 CHAP
005 20220329133237.0
008 971013s1980 r 00010 d
010 _a3838
011 _a4810
035 _a4014
040 _cCHAP
082 _a317.2 M4
_bTab.
110 _aMéxico. Coordinación General de los Servicios Nacionales de Estadística, Geografía e Informática
_976893
245 0 _aManual de estadísticas básicas del estado de Tabasco
260 _aMéxico, D. F. :
_bLa Coordinación,
_c1980
300 _a2 v.
500 _ac.c. Anuario estadístico de Tabasco
590 _aBATCH-UPD
_b10
_c20130110
_lUCH01
_h1812
590 _aBATCH-UPD
_b10
_c20130410
_lUCH01
_h1147
590 _aBATCH-UPD
_b10
_c20130914
_lUCH01
_h1454
590 _aCONVERSION
_b10
_c20130109
_lUCH01
_h1303
650 1 4 _aAgricultura
_xEstadisticas
_zTabasco.
_91468
650 1 4 _aGanadería
_xEstadísticas
_zTabasco.
_944727
650 1 4 _aTabasco
_xEstadísticas.
_9111276
901 _aBK
942 _cLIBRO
949 _a317.2 M4 Tab.
_bBC
_cC
_d33724000487724
_eC
_fv.1 c.4
_h90934
_i4014
_si
949 _a317.2 M4 Tab.
_bBC
_cC
_d33724000487849
_eC
_fv.1
_h56866
_i4014
_si
949 _a317.2 M4 Tab.
_bBC
_cC
_d33724000487880
_eC
_fv.2 c.2
_h61533
_i4014
_si
949 _a317.2 M4 Tab.
_bBC
_cC
_d33724000487971
_eC
_fv.1 c.2
_h61532
_i4014
_si
949 _a317.2 M4 Tab.
_bBC
_cC
_d33724000487989
_eC
_fv.2
_h56867
_i4014
_si
949 _a317.2 M4 Tab.
_bBC
_cC
_d33724000531109
_eC
_fv.1 c.3
_h61534
_i4014
_si
949 _a317.2 M4 Tab.
_bBC
_cC
_d33724000531166
_eC
_fv.2 c.3
_h61535
_i4014
_si
999 _c3838
_d3838